|
|
|
|
| LEADER |
00761nam a2200193Ia 4500 |
| 001 |
CTU_27002 |
| 008 |
210402s9999 xx 000 0 und d |
| 082 |
|
|
|a 807
|
| 082 |
|
|
|b Ph561/1996
|
| 100 |
|
|
|a Lâm Mỹ Phương
|
| 245 |
|
0 |
|a Tìm hiểu chương trình sách giáo khoa môn Văn lớp 10, tập 1
|
| 245 |
|
0 |
|b Luận văn Tốt nghiệp Đại học Sư phạm ngành Văn K18
|
| 245 |
|
0 |
|c Lâm Mỹ Phương
|
| 260 |
|
|
|a Cần Thơ
|
| 260 |
|
|
|b Trường Đại học Cần Thơ, Khoa Sư phạm, Bộ Môn Văn
|
| 260 |
|
|
|c 1996
|
| 650 |
|
|
|a literature - study and teaching ( secondary )
|
| 904 |
|
|
|i Nguyễn Quang Điền, 981024
|
| 980 |
|
|
|a Trung tâm Học liệu Trường Đại học Cần Thơ
|